Encyklopedický slovník geologických věd

Na minha lista:
Detalhes bibliográficos
Formato: Livro
Idioma:tcheco
Publicado em: Praha Academia 1983
Tags: Adicionar Tag
Sem tags, seja o primeiro a adicionar uma tag!

MARC

LEADER 00000nam a2200000 4500
001 c114549
005 20250217134928.9
041 0 |a cze 
044 |a CZ 
245 1 0 |a Encyklopedický slovník geologických věd  |c Sest. Josef Svoboda 
264 1 |a Praha  |b Academia  |c 1983 
300 |a 851 s.  |e 4 príl.